Подробности
| 000 -МАРКЕР |
| контрольное поле |
02485nam0a2200373 4500 |
| 001 - ИДЕНТИФИКАТОР ЗАПИСИ |
| контрольное поле |
RU\NLR\bibl\1235140 |
| 005 - ИДЕНТИФИКАТОР ВЕРСИИ |
| контрольное поле |
20260405155448.0 |
| 010 ## - МЕЖДУНАРОДНЫЙ СТАНДАРТНЫЙ НОМЕР КНИГИ (ISBN) |
| Номер (ISBN) |
978-5-7608-0561-4 |
| Тираж |
300 |
| 021 ## - НОМЕР ГОСУДАРСТВЕННОЙ РЕГИСТРАЦИИ |
| Код страны |
Российская Федерация |
| Номер |
2008-27051 |
| Номер Листа государственной регистраци |
1493 |
| 035 ## - ДРУГИЕ СИСТЕМНЫЕ НОМЕРА |
| Идентификатор записи |
(NLR Aleph) 001221383 |
| 100 ## - ДАННЫЕ ОБЩЕЙ ОБРАБОТКИ |
| Данные общей обработки |
20080602d2008 |||y0rusy50 ca |
| 101 0# - ЯЗЫК РЕСУРСА |
| Язык текста, звукозаписи и т.д. |
русский |
| 102 ## - СТРАНА ПУБЛИКАЦИИ ИЛИ ПРОИЗВОДСТВА |
| Страна публикации |
Российская Федерация |
| 105 ## - ПОЛЕ КОДИРОВАННЫХ ДАННЫХ: ТЕКСТОВЫЕ МАТЕРИАЛЫ, МОНОГРАФИЧЕСКИЕ |
| Кодированные данные о монографическом текстовом документе |
a ||||||||| |
| 200 1# - ЗАГЛАВИЕ И СВЕДЕНИЯ ОБ ОТВЕТСТВЕННОСТИ |
| Основное заглавие |
Физиологические особенности формирования адаптивности, продуктивности и качества плодов у косточковых культур в предгорной зоне Северо-Западного Кавказа |
| Первые сведения об ответственности |
Г.В. Еремин, Л.Г. Семенова, Т.А. Гасанова |
| Последующие сведения об ответственности |
под общ. ред. акад. РАСХН Г.В. Еремина |
| -- |
Рос. акад. с.-х. наук, Крым. опыт.-селекц. станция |
| 210 ## - ПУБЛИКАЦИЯ, РАСПРОСТРАНЕНИЕ И ДР. |
| Место издания, распространения и т.д. |
Майкоп |
| Имя издателя, распространителя и т. д. |
Адыгейское республиканское книжное издательство |
| Дата издания, распространения и т.д. |
2008 |
| 215 ## - ФИЗИЧЕСКАЯ ХАРАКТЕРИСТИКА |
| Специфическое обозначение материала и объем |
209 с. |
| Другие сведения о физической характеристике |
ил., цв. ил. |
| Размеры |
21 |
| 300 ## - ОБЩИЕ ПРИМЕЧАНИЯ |
| Текст примечания |
На 4-й с. обл. авт.: Еремин Г.В., проф., д.с.-х.н., акад. РАСХН, засл. деят. науки Рос. Федерации, засл. деятель науки Кубани, Семенова Л.Г., к.б.н., доц., Гасанова Т.А., к.с.-х.н. |
| 320 ## - ПРИМЕЧАНИЯ О НАЛИЧИИ В ДОКУМЕНТЕ БИБЛИОГРАФИИ / УКАЗАТЕЛЯ |
| Текст примечания |
Библиогр.: с. 192-209 (291 назв.) |
| 606 1# - НАИМЕНОВАНИЕ ТЕМЫ КАК ПРЕДМЕТ |
| Наименование темы |
Косточковые культуры |
| Тематический подзаголовок |
Адаптация в предгорьях |
| -- |
Физиологические основы |
| Географический подзаголовок |
Кавказ Северо-Западный |
| Системный номер авторитетной/нормативной записи |
2525503 |
| Идентификатор авторитетной/нормативной записи |
RU\NLR\auth\661496226 |
| 606 1# - НАИМЕНОВАНИЕ ТЕМЫ КАК ПРЕДМЕТ |
| Наименование темы |
Косточковые культуры |
| Тематический подзаголовок |
Урожайность в предгорьях |
| Географический подзаголовок |
Кавказ Северо-Западный |
| Системный номер авторитетной/нормативной записи |
2525508 |
| Идентификатор авторитетной/нормативной записи |
RU\NLR\auth\661496229 |
| 686 ## - ИНДЕКСЫ ДРУГИХ КЛАССИФИКАЦИЙ |
| Индекс |
П256-275.96(2Р37) |
| 686 ## - ИНДЕКСЫ ДРУГИХ КЛАССИФИКАЦИЙ |
| Индекс |
П256-47(2Р37) |
| 700 #1 - ИМЯ ЛИЦА - ПЕРВИЧНАЯ ОТВЕТСТВЕННОСТЬ |
| Код отношения |
Автор |
| Графика поля |
Кириллица |
| Материалы, к которым относится поле |
rus |
| Начальный элемент ввода |
Еремин |
| Часть имени, кроме начального элемента ввода |
Г. В. |
| Даты |
1932- |
| Расширение инициалов личного имени |
Геннадий Викторович |
| Системный номер авторитетной/нормативной записи |
246160 |
| Идентификатор авторитетной/нормативной записи |
RU\NLR\AUTH\770246216 |
| 701 #1 - ИМЯ ЛИЦА - АЛЬТЕРНАТИВНАЯ ОТВЕТСТВЕННОСТЬ |
| Код отношения |
Автор |
| Материалы, к которым относится поле |
rus |
| Графика поля |
Кириллица |
| Начальный элемент ввода |
Семенова |
| Часть имени, кроме начального элемента ввода |
Л. Г. |
| Дополнения к именам, кроме дат |
канд. биол. наук, физиология растений |
| Расширение инициалов личного имени |
Лариса Григорьевна |
| Идентификатор авторитетной/нормативной записи |
RU\NLR\auth\7766247 |
| Системный номер авторитетной/нормативной записи |
49175 |
| 701 #1 - ИМЯ ЛИЦА - АЛЬТЕРНАТИВНАЯ ОТВЕТСТВЕННОСТЬ |
| Начальный элемент ввода |
Гасанова |
| Часть имени, кроме начального элемента ввода |
Т. А. |
| Расширение инициалов личного имени |
Таисия Андреевна |
| Код отношения |
Автор |
| 801 #0 - ИСТОЧНИК ЗАПИСИ |
| Страна |
Российская Федерация |
| Организация |
NLR |
| Дата составления |
20080602 |
| Правила каталогизации |
RCR |
| 801 #1 - ИСТОЧНИК ЗАПИСИ |
| Страна |
Российская Федерация |
| Организация |
NLR |
| Дата составления |
20080602 |
| 942 ## - ДОПОЛНИТЕЛЬНЫЕ ЭЛЕМЕНТЫ ЗАПИСИ (АБИС) |
| Тип экземпляра АБИС |
Книга |
| 980 ## - КОЛЛЕКЦИЯ |
| Название коллекции |
Национальная библиография |
| 980 ## - КОЛЛЕКЦИЯ |
| Название коллекции |
НБР |